|
|
|
|
| LEADER |
00000nab a2200000 a 4500 |
| 001 |
vtls008632958 |
| 003 |
SK-MaSNL |
| 005 |
20260305022030.0 |
| 008 |
171108c200504 xo r p 000 00slo |
| 015 |
|
|
|a SNBRB2006/02SVKPO
|
| 038 |
|
|
|a SVKPOCL
|
| 040 |
|
|
|a SVKPOCL
|b slo
|c AACR2
|e AACR2
|
| 041 |
|
|
|a slo
|
| 044 |
|
|
|a xo
|c SK
|
| 080 |
|
|
|a 930(048)
|2 2001
|
| 080 |
|
|
|a 93/94(048)
|2 2001
|
| 100 |
1 |
|
|a Hlivjak, Jozef
|4 aut
|9 1070854
|
| 245 |
1 |
0 |
|a Katedra dejepisu vydala v poradí už piatu ročenku
|c Jozef Hlivjak
|
| 500 |
|
|
|a Recenzovaný zborník zostavili: Martin Pekár, Patrik Derfiňák a Peter Zmátlo
|
| 650 |
0 |
7 |
|a historiografia
|2 svkpocl
|9 3848
|
| 650 |
0 |
7 |
|a zborníky
|2 snkbucl
|9 108488
|
| 651 |
|
7 |
|a Prešov (Slovensko)
|2 svkpocl
|9 17347
|
| 655 |
|
7 |
|a recenzie
|2 svkpocl
|9 21907
|
| 773 |
0 |
|
|t Prešovská univerzita
|g Roč. IX, č. 4 (2005), s. 16
|
| 787 |
0 |
8 |
|i Rec. :
|t Annales historici Prešoviensis Anno 2005
|d Prešov : Universum, 2005
|z 8089046274
|
| 852 |
|
|
|a SVKPO
|b KIS3GCP
|
| 958 |
|
|
|a RC
|
| 999 |
|
|
|c 3288734
|d 3290664
|